| 000 | 00777nam a2200205 a 4500 | ||
|---|---|---|---|
| 003 | 0 | ||
| 005 | 20250314090430.0 | ||
| 008 | 071127s19uu xx 00 eng d | ||
| 050 |
_aPGS RS 164 _b.Y54 2007 |
||
| 100 | _aYokota, Kenzo Manuel A. | ||
| 245 |
_aHerbal medicine in urban and rural localities / _cKenzo Manuel A. Yokota. |
||
| 260 |
_aLas PiƱas City, Philippines : _bSouthville International School and Colleges, _c2007. |
||
| 300 |
_a32 pages : _bcolored illustrations ; _c28 cm. |
||
| 504 | _aIncludes bibliographical references. | ||
| 650 |
_aHerbal medicine _vUrban areas. |
||
| 650 |
_aHerbal medicine _vRural areas. |
||
| 650 |
_aTraditional medicine _vSociocultural aspects. |
||
| 650 |
_aMedicinal plants _vUse in different communities. |
||
| 942 |
_2lcc _cPASS |
||
| 999 |
_c97782 _d97782 |
||